| 000 | 01791nam a2200349 i 4500 | ||
|---|---|---|---|
| 001 | 000036186 | ||
| 003 | DO-SdBNP | ||
| 005 | 20250721132610.0 | ||
| 007 | ta | ||
| 008 | 120110s2011 dr acd 001 0 spa d | ||
| 040 |
_aDO-SdBNP _bspa _cBNPHU _erda |
||
| 041 | _aspa | ||
| 082 | 4 |
_a352.15 _bR426p _222 |
|
| 110 | 1 |
_aRepública Dominicana _bAyuntamiento de Boca Chica _962224 |
|
| 245 | 1 | 0 |
_aPlan estratégico de desarrollo municipal : _b2011-2016 / _cpresentación Daniel Ozuna. |
| 246 | 0 | 0 | _aPlan estratégico de desarrollo cabildo de Boca Chica 2011-2016 : |
| 264 |
_aSanto Domingo : _bAyuntamiento Municipal Boca Chica, _c2011. |
||
| 300 |
_a102 páginas : _bilustraciones, gráficos, retratos ; _c29 cm. |
||
| 336 |
_atexto _btxt _2rdacontent |
||
| 337 |
_asin mediación _bn _2rdamedia |
||
| 338 |
_avolumen _bnc _2rdacarrier |
||
| 505 | 0 |
_aIntroducción -- _tConsejo municipal -- _tÓrgano ejecutivo, equipo técnico y encargados -- _tResolución -- _tCapítulo introductorio -- _tDescripción y análisis de la situación actual del Municipio de Boca Chica -- _tPerfil institucional del Cabildo de Boca Chica -- _tAnálisis FODA -- _tPerfil estratégico Cabildo de Boca Chica -- _tSeguridad y prevención -- _tAdministración eficaz del municipio -- _tCuadro de Mando Integral (CMI) -- _gAnexos. |
|
| 590 | _aInventariado,2018/DG | ||
| 650 | 0 |
_aGobierno municipal _zBoca Chica (República Dominicana) _917207 |
|
| 650 | 4 |
_aPlanificación estratégica _92433 |
|
| 651 | 4 |
_aBoca Chica (República Dominicana) _xPolítica económica _962226 |
|
| 651 | 4 |
_aBoca Chica (República Dominicana _980640 |
|
| 651 | 4 |
_aBoca Chica (República Dominicana) _xPolítica social _962227 |
|
| 700 | 1 |
_aOzuna, Daniel, _epresentación _962228 |
|
| 910 | _aValidado. Control de calidad EMS | ||
| 942 |
_2ddc _cLBS1 |
||
| 999 |
_c35677 _d35677 |
||